Miasta w Polsce z końcówką "-órz" - Nagła Śmierć - Statystyki

Ogólne statystyki
  • Ten quiz został rozwiązany 107 razy
  • Średni wynik to 4 z 6
Answers on the Grid
Answers color-coded by a green-red scale on the quiz's grid according to % correct below.
Darórz
Garbórz
Gorbórz
Jebórz
Klórz
Kórz
Międzybórz
Myślibórz
Pobórz
Probórz
Przedbórz
Przedgórz
Rabórz
Racibórz
Rogórz
Warbórz
Wolbórz
Wolibórz
Zagórz
Zgórz
 
Statystyki odpowiedzi
Odpowiedź % Poprawnych
Myślibórz
91%
Racibórz
91%
Międzybórz
73%
Zagórz
62%
Przedbórz
44%
Wolbórz
42%
Nie znaleziono quizów pasujących do podanych kryteriów
Rozkład punktacji
Procent ludzi z każdym wynikiem
Percentyl według liczby udzielonych odpowiedzi
Twoja historia wyników
Nie rozwiązałeś tego quizu